Derechos del niño: primeras necesidades psicológicas y su satisfacción

Uloženo v:
Podrobná bibliografie
Hlavní autor: Ribble, Margaret A (Autor)
Médium: Kniha
Jazyk:španělština
Vydáno: Buenos Aires Nova 1958
Edice:Biblioteca Nova de Educación
Témata:
Tagy: Přidat tag
Žádné tagy, Buďte první, kdo vytvoří štítek k tomuto záznamu!

MARC

LEADER 00000nam a2200000 a 4500
001 UCW4709
003 CL-VaPUC
008 900626e19580000AG |||||||||||||||||spa|d
082 0 4 |a 155.41  |b RIB  |2 21 
100 0 |a Ribble, Margaret A  |e author  |9 309501 
245 1 0 |a Derechos del niño: primeras necesidades psicológicas y su satisfacción 
300 |a 190 p 
942 |c BK 
945 |d 19900626 00:00:00 
260 |a Buenos Aires  |b Nova  |c 1958 
650 0 |a Niños  |9 255605 
650 7 |a SALUD E HIGIENE  |2 CL-VaPUC  |9 307452 
650 0 |a Psicología del niño  |9 307305 
583 |a last modification  |c 20130106 10:52:48  |k Rodrigo Vera 
490 0 |a Biblioteca Nova de Educación 
999 |c 218353  |d 218351 
952 |0 0  |1 0  |4 0  |6 155_410000000000000_RIB_1958  |7 0  |8 P  |9 207800  |a BIBEDU  |b BIBEDU  |c BIBEDU_PB  |d 2019-11-15  |i 2756277  |o 155.41 RIB 1958  |p 2756277  |r 2024-01-25  |w 2019-11-15  |y BK  |k EDU 
952 |0 0  |1 0  |4 0  |6 155_410000000000000_RIB_1958  |7 0  |8 P  |9 207801  |a BIBEDU  |b BIBEDU  |c BIBEDU_PB  |d 2019-11-15  |i 2756285  |o 155.41 RIB 1958  |p 2756285  |r 2024-01-25  |w 2019-11-15  |y BK  |k EDU